00363nam a2200121Ia 4500008004100000020002200041041000800063082002400071100001300095245007800108260004600186300000900232230411s9999 xx 000 0 und d a978-81-8450-193-3 aeng aAD/610.6/GOE/B05895 aGoel S L aPolicies and Programmes of Health Care System and Hospital Administration bDeep & Deep PublicationsaNew Delhic2010 a336p